[Event "Titled Tuesday intern op 07th Nov Early"]
[Site "Chess.com INT"]
[Date "2023.11.07"]
[Round "5"]
[White "Czopor, Maciej"]
[Black "Fajdetic, Hrvoje"]
[Result "1-0"]
[WhiteElo "2354"]
[BlackElo "2165"]
[PlyCount "93"]
[EventDate "2023.11.07"]
[EventType "swiss (blitz)"]
[EventRounds "11"]
[EventCountry "USA"]
[SourceTitle "EXT 2025"]
[Source "ChessBase"]
[SourceDate "2024.10.14"]
[SourceVersion "1"]
[SourceVersionDate "2024.10.14"]
[SourceQuality "1"]

1. c4 f5 2. Nc3 e5 3. d4 e4 4. Nh3 Nf6 5. Bf4 d5 6. e3 c6 7. cxd5 cxd5 8. Qb3 a6 9. Bg5 Be6 10. Nf4 Bf7 11. Qxb7 Nbd7 12. Bxf6 Nxf6 13. Qc6+ Ke7 14. Bxa6 Rb8 15. 0-0 Rb6 16. Qc5+ Qd6 17. Bb5 g5 18. Nfe2 Ke6 19. Qc8+ Ke7 20. Qxf5 Bg7 21. Ng3 h6 22. Qe5+ Qxe5 23. dxe5 Ng4 24. Nf5+ Kf8 25. Nxg7 Kxg7 26. a4 Nxe5 27. a5 Rbb8 28. Rfd1 Rhd8 29. a6 Ra8 30. a7 Kf6 31. Nxe4+ dxe4 32. Rxd8 Rxd8 33. a8Q Rxa8 34. Rxa8 Bc4 35. Ra6+ Kf5 36. Bxc4 Nxc4 37. Rxh6 Nxb2 38. h4 gxh4 39. Rxh4 Nd3 40. Rh8 Ke5 41. Rf8 Nc5 42. g4 Nd3 43. Kg2 Ne1+ 44. Kg3 Nc2 45. g5 Nb4 46. g6 Nd5 47. g7 1-0

[Event "Titled Tuesday intern op 07th Nov Early"]
[Site "Chess.com INT"]
[Date "2023.11.07"]
[Round "8"]
[White "Fajdetic, Hrvoje"]
[Black "Osiecki, Stanislaw"]
[Result "0-1"]
[WhiteElo "2165"]
[BlackElo "1996"]
[PlyCount "108"]
[EventDate "2023.11.07"]
[EventType "swiss (blitz)"]
[EventRounds "11"]
[EventCountry "USA"]
[SourceTitle "EXT 2025"]
[Source "ChessBase"]
[SourceDate "2024.10.14"]
[SourceVersion "1"]
[SourceVersionDate "2024.10.14"]
[SourceQuality "1"]

1. d4 Nf6 2. Bf4 d5 3. e3 e6 4. Nf3 Bd6 5. Bg3 Nh5 6. Nbd2 Nxg3 7. hxg3 h6 8. g4 Nd7 9. g5 Qe7 10. gxh6 Rxh6 11. Rxh6 gxh6 12. c4 c6 13. Qb3 Bb4 14. 0-0-0 Nf6 15. a3 Bxd2+ 16. Rxd2 Ne4 17. Rc2 b6 18. Bd3 Bd7 19. Bxe4 dxe4 20. Ne5 f6 21. Ng6 Qg7 22. Nf4 e5 23. dxe5 fxe5 24. Qc3 0-0-0 25. c5 Rg8 26. Ne2 Qxg2 27. b3 Qxf2 28. Qxe5 Qxe3+ 29. Kb2 Qg5 30. Qh2 b5 31. Nd4 Qf6 32. Qd2 Bf5 33. Qc3 Qe6 34. Nxe6 Bxe6 35. Qe5 Bd5 36. Rd2 Rd8 37. Qxe4 Bxe4 38. Re2 Bd5 39. Kc3 Rd7 40. b4 Rh7 41. Rd2 h5 42. Rh2 h4 43. Kd4 h3 44. Ke5 Bg2 45. Kd6 Rh6+ 46. Ke5 Rh4 47. Kf5 Rc4 48. Kg5 Rc3 49. Kg4 Rxa3 50. Kf5 Rb3 51. Ke6 Rxb4 52. Kd6 Rc4 53. Ke5 a5 54. Kd6 a4 0-1

[Event "CRO-chT1B 31st"]
[Site "Veli Losinj"]
[Date "2023.10.16"]
[Round "6.36"]
[White "Kosovic, Miroslav"]
[Black "Fajdetic, Hrvoje"]
[Result "1/2-1/2"]
[WhiteElo "2100"]
[BlackElo "2151"]
[PlyCount "130"]
[EventDate "2023.10.11"]
[EventType "team-tourn"]
[EventRounds "9"]
[EventCountry "CRO"]
[SourceTitle "CBM 216 Extra"]
[Source "ChessBase"]
[SourceDate "2023.11.30"]
[SourceVersion "1"]
[SourceVersionDate "2023.11.30"]
[SourceQuality "1"]
[WhiteTeam "Split Brda"]
[BlackTeam "Vinkovci"]
[WhiteTeamCountry "CRO"]
[BlackTeamCountry "CRO"]

1. e4 c5 2. Nf3 a6 3. d4 cxd4 4. Nxd4 Nf6 5. Bd3 e5 6. Nb3 d5 7. exd5 Nxd5 8. a3 Be7 9. Qh5 Nc6 10. Be4 Qd6 11. Qf3 Nf6 12. Bxc6+ bxc6 13. Nc3 Bg4 14. Ne4 Qd7 15. Nxf6+ gxf6 16. Qd3 Qxd3 17. cxd3 0-0-0 18. Be3 Rxd3 19. Na5 Kd7 20. 0-0 Be6 21. Rfc1 Bd5 22. Kf1 Rb8 23. b4 f5 24. Rd1 Rxd1+ 25. Rxd1 f4 26. Ba7 Ra8 27. Bb6 Rg8 28. f3 Rb8 29. Ba7 Ra8 30. Bb6 Ke8 31. Rc1 Rc8 32. Bc5 Bxc5 33. Rxc5 Kd7 34. Kf2 f5 35. g3 fxg3+ 36. hxg3 h5 37. Rc1 Rf8 38. Nb7 f4 39. Rc3 fxg3+ 40. Kxg3 h4+ 41. Kxh4 Bxf3 42. Nc5+ Kd6 43. Rd3+ Bd5 44. Kg5 a5 45. Rh3 axb4 46. axb4 Rf7 47. Rh6+ Kc7 48. Rh8 e4 49. Re8 Kd6 50. Nxe4+ Bxe4 51. Rxe4 Kd5 52. Rh4 Rf1 53. Rg4 Rd1 54. Rf4 Rd4 55. Rf5+ Kd6 56. b5 c5 57. Rf6+ Kd5 58. Rf5+ Kc4 59. b6 Rd7 60. Rf1 Rb7 61. Rb1 Kc3 62. Kf5 Kc2 63. Rb5 c4 64. Ke5 c3 65. Kd6 Kd2 1/2-1/2

[Event "Titled Tuesday intern op 10th Oct Early"]
[Site "Chess.com INT"]
[Date "2023.10.10"]
[Round "11"]
[White "Fajdetic, Hrvoje"]
[Black "Derjabin, Ilja"]
[Result "1-0"]
[WhiteElo "2151"]
[BlackElo "2333"]
[PlyCount "91"]
[EventDate "2023.10.10"]
[EventType "swiss (blitz)"]
[EventRounds "11"]
[EventCountry "USA"]
[SourceTitle "EXT 2025"]
[Source "ChessBase"]
[SourceDate "2024.10.14"]
[SourceVersion "1"]
[SourceVersionDate "2024.10.14"]
[SourceQuality "1"]

1. d4 Nf6 2. Bf4 c5 3. d5 d6 4. Nc3 a6 5. a4 Qb6 6. Rb1 g6 7. Qd2 Nbd7 8. e4 Bg7 9. Nf3 0-0 10. Bh6 Qb4 11. Bd3 b5 12. h4 c4 13. Be2 bxa4 14. h5 a3 15. bxa3 Bxh6 16. Rxb4 Bxd2+ 17. Kxd2 Nxh5 18. Bxc4 Nc5 19. Nd4 Bd7 20. Nc6 Rfe8 21. e5 Bxc6 22. dxc6 dxe5 23. Re1 Rac8 24. Bd5 e6 25. Bf3 f6 26. Rc4 e4 27. Bxh5 Red8+ 28. Kc1 Rxc6 29. Nxe4 Kf7 30. Rxc5 Rxc5 31. Nxc5 gxh5 32. Nd3 e5 33. Rh1 Kg6 34. g3 Rc8 35. Kd2 Rc4 36. c3 Ra4 37. Ke3 Rxa3 38. Kd2 Ra2+ 39. Ke3 Rc2 40. f4 Rxc3 41. fxe5 fxe5 42. Kd2 Rc4 43. Nxe5+ Kg5 44. Nxc4 Kg4 45. Rh4+ Kxg3 46. Rxh5 1-0

[Event "Titled Tuesday intern op 10th Oct Early"]
[Site "Chess.com INT"]
[Date "2023.10.10"]
[Round "5"]
[White "Garcia Ramos, Daniel"]
[Black "Fajdetic, Hrvoje"]
[Result "1-0"]
[WhiteElo "2455"]
[BlackElo "2151"]
[PlyCount "77"]
[EventDate "2023.10.10"]
[EventType "swiss (blitz)"]
[EventRounds "11"]
[EventCountry "USA"]
[SourceTitle "EXT 2025"]
[Source "ChessBase"]
[SourceDate "2024.10.14"]
[SourceVersion "1"]
[SourceVersionDate "2024.10.14"]
[SourceQuality "1"]

1. e4 c5 2. Nf3 a6 3. c3 d5 4. exd5 Qxd5 5. d4 e6 6. Be2 Nf6 7. 0-0 Be7 8. Be3 Nbd7 9. c4 Qd6 10. Nc3 cxd4 11. Nxd4 0-0 12. Qc2 b6 13. Bf3 Ra7 14. Nc6 Rc7 15. Rad1 Qxc6 16. Bxc6 Rxc6 17. b3 Bb7 18. Rd2 b5 19. Rfd1 Ne5 20. cxb5 axb5 21. Qb2 Nfg4 22. h3 Nxe3 23. fxe3 Bf6 24. Rd4 Ng6 25. Nxb5 Bxd4 26. Qxd4 Rc2 27. Rd2 e5 28. Qd6 Rxd2 29. Qxd2 Nh4 30. e4 Bxe4 31. Qe1 Bc6 32. Na7 Nxg2 33. Qxe5 Ba8 34. b4 Nh4 35. Qc7 h6 36. b5 Re8 37. Nc6 Re2 38. Qd8+ Kh7 39. Qd3+ 1-0

[Event "Titled Tuesday intern op 03rd Oct Early"]
[Site "Chess.com INT"]
[Date "2023.10.03"]
[Round "6"]
[White "Fajdetic, Hrvoje"]
[Black "Osmak, Iulija"]
[Result "1/2-1/2"]
[WhiteElo "2151"]
[BlackElo "2449"]
[PlyCount "108"]
[EventDate "2023.10.03"]
[EventType "swiss (blitz)"]
[EventRounds "11"]
[EventCountry "USA"]
[SourceTitle "EXT 2025"]
[Source "ChessBase"]
[SourceDate "2024.10.14"]
[SourceVersion "1"]
[SourceVersionDate "2024.10.14"]
[SourceQuality "1"]

1. f4 c5 2. b3 Nc6 3. Bb2 d5 4. Nf3 Bg4 5. e3 e6 6. Bb5 Nge7 7. 0-0 a6 8. Bxc6+ Nxc6 9. d3 d4 10. e4 e5 11. fxe5 Nxe5 12. Nbd2 Bd6 13. Qe1 0-0 14. Nxe5 Bxe5 15. Nf3 Bf4 16. Bc1 Bc7 17. Qh4 Qxh4 18. Nxh4 b5 19. Nf5 Rfe8 20. Bf4 Bxf4 21. Rxf4 Bxf5 22. Rxf5 Rac8 23. a4 c4 24. axb5 axb5 25. Rxb5 cxd3 26. cxd3 Rc3 27. Rd1 Rd8 28. Kf2 f6 29. Kf3 Rc2 30. h4 Ra8 31. e5 fxe5 32. Rxe5 Raa2 33. Rf1 Rxg2 34. Ke4 Rae2+ 35. Kxd4 Rg4+ 36. Kd5 Rxe5+ 37. Kxe5 Rxh4 38. d4 Rh3 39. d5 Rxb3 40. d6 Re3+ 41. Kd4 Re2 42. Rd1 Kf7 43. Kc5 Ke8 44. Ra1 Rc2+ 45. Kd5 Rd2+ 46. Ke6 Re2+ 47. Kd5 h5 48. Ra8+ Kd7 49. Ra7+ Kd8 50. Rxg7 Rd2+ 51. Ke6 Re2+ 52. Kd5 Rd2+ 53. Kc6 Rc2+ 54. Kd5 Rd2+ 1/2-1/2

[Event "Titled Tuesday intern op 03rd Oct Early"]
[Site "Chess.com INT"]
[Date "2023.10.03"]
[Round "3"]
[White "Jaiveer, Mahendru"]
[Black "Fajdetic, Hrvoje"]
[Result "0-1"]
[WhiteElo "2393"]
[BlackElo "2151"]
[PlyCount "62"]
[EventDate "2023.10.03"]
[EventType "swiss (blitz)"]
[EventRounds "11"]
[EventCountry "USA"]
[SourceTitle "EXT 2025"]
[Source "ChessBase"]
[SourceDate "2024.10.14"]
[SourceVersion "1"]
[SourceVersionDate "2024.10.14"]
[SourceQuality "1"]

1. e4 c5 2. Nf3 a6 3. c4 Nc6 4. d4 cxd4 5. Nxd4 e6 6. Nc3 d6 7. Be3 Nf6 8. Be2 Be7 9. 0-0 0-0 10. f4 Qc7 11. Qd2 Nxd4 12. Bxd4 b6 13. Rae1 Bb7 14. Bd3 d5 15. cxd5 exd5 16. e5 Bc5 17. Ne2 Ne4 18. Qe3 f5 19. exf6 Nxf6 20. Bxc5 bxc5 21. Bb1 d4 22. Qh3 Rae8 23. g4 Qc6 24. Ng3 g6 25. g5 Rxe1 26. Rxe1 Nd5 27. f5 Nf4 28. Qf1 d3 29. f6 c4 30. a3 Qc5+ 31. Qf2 Nh3+ 0-1

[Event "Titled Tuesday intern op 03rd Oct Early"]
[Site "Chess.com INT"]
[Date "2023.10.03"]
[Round "8"]
[White "Kriti, Mayur Patel"]
[Black "Fajdetic, Hrvoje"]
[Result "1-0"]
[WhiteElo "1645"]
[BlackElo "2151"]
[PlyCount "97"]
[EventDate "2023.10.03"]
[EventType "swiss (blitz)"]
[EventRounds "11"]
[EventCountry "USA"]
[SourceTitle "EXT 2025"]
[Source "ChessBase"]
[SourceDate "2024.10.14"]
[SourceVersion "1"]
[SourceVersionDate "2024.10.14"]
[SourceQuality "1"]

1. e4 c5 2. d4 cxd4 3. c3 d3 4. Bxd3 Nc6 5. c4 g6 6. Nf3 Bg7 7. 0-0 d6 8. Nc3 Bg4 9. h3 Bxf3 10. Qxf3 Nf6 11. Bf4 0-0 12. Rfd1 Ne5 13. Bxe5 dxe5 14. Bf1 Qb6 15. b3 Rfd8 16. Rac1 Rd4 17. Nb5 Rxd1 18. Rxd1 a6 19. Nc3 Rd8 20. Rxd8+ Qxd8 21. Kh2 Qd4 22. Qd3 e6 23. Kg1 Bf8 24. Na4 Nxe4 25. Qf3 f5 26. h4 b5 27. cxb5 axb5 28. Bxb5 Nd2 29. Qc6 Ne4 30. Qxe6+ Kg7 31. Qd7+ Kh6 32. Qxd4 exd4 33. Kf1 Kh5 34. g3 Kg4 35. Be2+ Kh3 36. Nb6 Bc5 37. Nd5 d3 38. Nf4+ Kh2 39. Nxd3 Nc3 40. Nxc5 Nxa2 41. Ne6 Nc1 42. Nf8 Nxb3 43. Nxh7 Nd4 44. Nf8 f4 45. gxf4 Kh3 46. Nxg6 Ne6 47. f5 Ng7 48. f6 Ne6 49. f7 1-0

[Event "Titled Tuesday intern op 26th Sep Early"]
[Site "Chess.com INT"]
[Date "2023.09.26"]
[Round "7"]
[White "Koridze, Lile"]
[Black "Fajdetic, Hrvoje"]
[Result "0-1"]
[WhiteElo "2181"]
[BlackElo "2151"]
[PlyCount "60"]
[EventDate "2023.09.26"]
[EventType "swiss (blitz)"]
[EventRounds "11"]
[EventCountry "USA"]
[SourceTitle "EXT 2024"]
[Source "ChessBase"]
[SourceDate "2023.10.10"]
[SourceVersion "1"]
[SourceVersionDate "2023.10.10"]
[SourceQuality "1"]

1. d4 d5 2. c4 e6 3. Nf3 f5 4. g3 c6 5. Bg2 Nf6 6. 0-0 Bd6 7. b3 0-0 8. Qc2 Ne4 9. Nbd2 b6 10. Bb2 Bb7 11. Ne5 Nd7 12. Ndf3 Rc8 13. Rad1 c5 14. dxc5 Ndxc5 15. e3 Qe7 16. Qb1 Bb8 17. cxd5 Bxd5 18. Nd3 Nxd3 19. Rxd3 Nc5 20. Rdd1 Qb7 21. Ba1 Bxf3 22. Bxf3 Qxf3 23. Qb2 Rf7 24. b4 Ne4 25. Qb3 Re7 26. Rd7 Ng5 27. h4 Rxd7 28. hxg5 Rd5 29. Qb2 Be5 30. Qb3 Bxa1 0-1

[Event "Titled Tuesday intern op 26th Sep Early"]
[Site "Chess.com INT"]
[Date "2023.09.26"]
[Round "9"]
[White "Stead, Kerry"]
[Black "Fajdetic, Hrvoje"]
[Result "0-1"]
[WhiteElo "1892"]
[BlackElo "2151"]
[PlyCount "164"]
[EventDate "2023.09.26"]
[EventType "swiss (blitz)"]
[EventRounds "11"]
[EventCountry "USA"]
[SourceTitle "EXT 2024"]
[Source "ChessBase"]
[SourceDate "2023.10.10"]
[SourceVersion "1"]
[SourceVersionDate "2023.10.10"]
[SourceQuality "1"]

1. d4 e6 2. e4 d5 3. Be3 dxe4 4. Nd2 Nf6 5. f3 exf3 6. Ngxf3 Nbd7 7. Bd3 c5 8. c3 cxd4 9. cxd4 Be7 10. 0-0 Ng4 11. Qe2 Nxe3 12. Qxe3 0-0 13. Rae1 Bf6 14. Nc4 Nb6 15. Nce5 Nd5 16. Qe4 g6 17. Bb1 Bg7 18. h4 Qb6 19. Rf2 f5 20. Qe2 Rd8 21. Nc4 Qa6 22. Nfe5 b5 23. Ne3 Qd6 24. Nxd5 Qxd5 25. Nf3 Bd7 26. h5 Re8 27. hxg6 hxg6 28. Qe3 Bc6 29. Qg5 Kf7 30. Nh4 Qxd4 31. Qxg6+ Kf8 32. Rxe6 Qxh4 33. Qxf5+ Kg8 34. Qf7+ Kh8 35. Rxe8+ Rxe8 36. Bd3 Re1+ 37. Bf1 Bd4 38. Qf8+ Kh7 39. Qf7+ Kh6 40. Qf8+ Kh7 41. Qf7+ Bg7 42. Qf5+ Kh6 43. Qf4+ Qxf4 44. Rxf4 Bd5 45. Kf2 Re5 46. Rh4+ Kg5 47. Rh3 Rf5+ 48. Ke1 Be5 49. Be2 Bf4 50. Rh5+ Kf6 51. Rxf5+ Kxf5 52. g4+ Kg5 53. Kf2 Bxa2 54. Bxb5 Be6 55. Ke2 Bxg4+ 56. Kd3 Bh3 57. b4 Bf1+ 58. Kd4 Bxb5 59. Kc5 a6 60. Kb6 Bd2 61. Ka5 Kf4 62. Kb6 Bxb4 63. Kc7 Bf8 64. Kb6 Be7 65. Ka5 Bd8+ 66. Kb4 Ke5 67. Kb3 Kd5 68. Ka3 Kc5 69. Kb3 a5 70. Ka3 a4 71. Kb2 Bf6+ 72. Ka2 Kb4 73. Kb1 Bd3+ 74. Ka2 Bc4+ 75. Kb1 a3 76. Kc2 a2 77. Kd2 a1Q 78. Kc2 Qc3+ 79. Kd1 Qd3+ 80. Kc1 Bg5+ 81. Kb2 Qb3+ 82. Ka1 Qa2# 0-1

[Event "Titled Tuesday intern op 12th Sep Early"]
[Site "Chess.com INT"]
[Date "2023.09.12"]
[Round "9"]
[White "Baghdasaryan, Vahe"]
[Black "Fajdetic, Hrvoje"]
[Result "0-1"]
[WhiteElo "2259"]
[BlackElo "2151"]
[PlyCount "148"]
[EventDate "2023.09.12"]
[EventType "swiss (blitz)"]
[EventRounds "11"]
[EventCountry "USA"]
[SourceTitle "EXT 2024"]
[Source "ChessBase"]
[SourceDate "2023.10.10"]
[SourceVersion "1"]
[SourceVersionDate "2023.10.10"]
[SourceQuality "1"]

1. e4 c5 2. c3 d5 3. exd5 Qxd5 4. d4 Nf6 5. Nf3 e6 6. Na3 cxd4 7. Nb5 Na6 8. Nbxd4 Be7 9. Be3 0-0 10. Bxa6 bxa6 11. 0-0 Bb7 12. Qa4 Rac8 13. Rad1 Qh5 14. h3 Nd5 15. Rfe1 Bf6 16. Bd2 e5 17. Ne2 Nb6 18. Qg4 Qxg4 19. hxg4 Nc4 20. Bc1 e4 21. Nfd4 g6 22. Ng3 Rfe8 23. g5 Bg7 24. b3 Nb6 25. c4 a5 26. Nde2 a4 27. Nf4 axb3 28. axb3 a5 29. Ba3 a4 30. c5 Be5 31. cxb6 Bxf4 32. Ne2 Bxg5 33. bxa4 e3 34. f4 Bh4 35. g3 Bf6 36. a5 Ba6 37. Nd4 e2 38. Rd2 Red8 39. Bb2 Rc4 40. Rexe2 Bxd4+ 41. Bxd4 Rcxd4 42. Rxd4 Rxd4 43. Re8+ Kg7 44. Ra8 Bb7 45. Rb8 Rd7 46. Kf2 h5 47. Ke3 f6 48. Re8 g5 49. fxg5 fxg5 50. Re5 Kg6 51. Re6+ Kf5 52. Rh6 Re7+ 53. Kf2 Re5 54. Rxh5 Rxa5 55. Rh7 Ra2+ 56. Kg1 Bf3 57. Rf7+ Kg4 58. b7 Rb2 59. b8Q Rxb8 60. Kf2 Rb2+ 61. Ke3 Re2+ 62. Kd3 Kxg3 63. Rg7 g4 64. Kd4 Re6 65. Rg8 Kf2 66. Rg7 g3 67. Rg8 Re4+ 68. Kd5 Rg4+ 69. Kd6 Rxg8 70. Kc7 g2 71. Kb6 g1Q 72. Ka7 Qc1 73. Kb6 Rb8+ 74. Ka5 Qa1# 0-1

[Event "Titled Tuesday intern op 12th Sep Early"]
[Site "Chess.com INT"]
[Date "2023.09.12"]
[Round "10"]
[White "Fajdetic, Hrvoje"]
[Black "Dwilewicz, Katarzyna"]
[Result "1-0"]
[WhiteElo "2151"]
[BlackElo "2098"]
[PlyCount "113"]
[EventDate "2023.09.12"]
[EventType "swiss (blitz)"]
[EventRounds "11"]
[EventCountry "USA"]
[SourceTitle "EXT 2024"]
[Source "ChessBase"]
[SourceDate "2023.10.10"]
[SourceVersion "1"]
[SourceVersionDate "2023.10.10"]
[SourceQuality "1"]

1. f4 Nf6 2. Nf3 b6 3. b3 Bb7 4. e3 g6 5. Bb2 Bg7 6. Be2 0-0 7. 0-0 c5 8. d3 d6 9. Qe1 Nbd7 10. e4 Nh5 11. Bxg7 Kxg7 12. f5 Ne5 13. Nxe5 dxe5 14. Bxh5 Qd4+ 15. Qf2 Qxa1 16. c3 Rad8 17. Qc2 Ba6 18. Be2 c4 19. bxc4 b5 20. cxb5 Bxb5 21. Nd2 Ba4 22. Nb3 Bxb3 23. Qxb3 Rb8 24. Rxa1 Rxb3 25. axb3 Rb8 26. fxg6 Rxb3 27. gxf7 Rxc3 28. Rxa7 Kxf7 29. Kf2 Rc2 30. Ke3 Kf6 31. Ra6+ Kf7 32. Bh5+ Kg7 33. Bf3 Kf7 34. h4 Rb2 35. Rh6 Kg7 36. Re6 Kf7 37. Rxe5 e6 38. Rh5 Kg6 39. Ra5 h6 40. g4 Rb8 41. Ra6 Kf6 42. g5+ hxg5 43. hxg5+ Ke7 44. Bg4 e5 45. Re6+ Kf7 46. Rxe5 Rb6 47. Bh5+ Kg7 48. Re7+ Kf8 49. Rc7 Rb3 50. g6 Kg8 51. Bg4 Rb6 52. Bf5 Rd6 53. e5 Rd5 54. Be6+ Kh8 55. g7+ Kh7 56. g8Q+ Kh6 57. Rh7# 1-0

[Event "Titled Tuesday intern op 12th Sep Late"]
[Site "Chess.com INT"]
[Date "2023.09.12"]
[Round "8"]
[White "Fajdetic, Hrvoje"]
[Black "Mazurkiewicz, Michal"]
[Result "1-0"]
[WhiteElo "2151"]
[BlackElo "2145"]
[PlyCount "85"]
[EventDate "2023.09.12"]
[EventType "swiss (blitz)"]
[EventRounds "11"]
[EventCountry "USA"]
[SourceTitle "EXT 2024"]
[Source "ChessBase"]
[SourceDate "2023.10.10"]
[SourceVersion "1"]
[SourceVersionDate "2023.10.10"]
[SourceQuality "1"]

1. f4 d5 2. b3 Nf6 3. Bb2 d4 4. Nf3 c5 5. a4 Nc6 6. Na3 Bf5 7. g3 h5 8. Bg2 e6 9. Nc4 Be7 10. e3 Ne4 11. exd4 cxd4 12. d3 Bb4+ 13. Kf1 Nc3 14. Bxc3 Bxc3 15. Rb1 f6 16. Nh4 Bg4 17. Bf3 g5 18. Bxg4 hxg4 19. Ng2 f5 20. Qe2 Qd5 21. Kg1 0-0-0 22. fxg5 e5 23. Rf1 Rdf8 24. Nh4 Qe6 25. h3 Rfg8 26. Rxf5 Rxh4 27. hxg4 Rxh1+ 28. Kxh1 Re8 29. Kg2 a6 30. Qe4 b5 31. axb5 axb5 32. Nb6+ Kb7 33. Nd5 Rd8 34. Nf6 Kb6 35. g6 Rg8 36. Nxg8 Qxg8 37. Rf6 Qc8 38. Qxc6+ Qxc6+ 39. Rxc6+ Kxc6 40. g7 e4 41. g8Q exd3 42. cxd3 b4 43. Qc4+ 1-0

[Event "Titled Tuesday intern op 29th Aug Early"]
[Site "Chess.com INT"]
[Date "2023.08.29"]
[Round "3"]
[White "Ferey, Antonin"]
[Black "Fajdetic, Hrvoje"]
[Result "1/2-1/2"]
[WhiteElo "2181"]
[BlackElo "2151"]
[PlyCount "106"]
[EventDate "2023.08.29"]
[EventType "swiss (blitz)"]
[EventRounds "11"]
[EventCountry "USA"]
[SourceTitle "EXT 2024"]
[Source "ChessBase"]
[SourceDate "2023.10.10"]
[SourceVersion "1"]
[SourceVersionDate "2023.10.10"]
[SourceQuality "1"]

1. Nf3 f5 2. d3 d6 3. e4 e5 4. Nc3 Nf6 5. Bg5 Be7 6. exf5 Bxf5 7. d4 e4 8. Nd2 d5 9. f3 0-0 10. Bxf6 Bxf6 11. fxe4 dxe4 12. Bc4+ Kh8 13. 0-0 Qxd4+ 14. Kh1 e3 15. Rxf5 exd2 16. Bd3 g6 17. Rf3 Nc6 18. Qxd2 Ne5 19. Rf4 Qd6 20. Ne4 Qe7 21. Nxf6 Rxf6 22. Re4 Qd6 23. Qc3 Nxd3 24. cxd3 Raf8 25. Rf1 Kg7 26. Rxf6 Qxf6 27. Re7+ Rf7 28. Qxf6+ Kxf6 29. Re3 Rd7 30. Kg1 Rd4 31. Kf2 Rb4 32. b3 a5 33. Re8 a4 34. Rc8 c6 35. bxa4 Rxa4 36. Rc7 Rxa2+ 37. Kf3 Rb2 38. Rxh7 b5 39. Rc7 Rc2 40. h4 b4 41. g4 c5 42. Rb7 Rc3 43. Ke4 c4 44. dxc4 Rxc4+ 45. Kf3 Rc3+ 46. Kf4 b3 47. Rb6+ Kg7 48. Kg5 Rc5+ 49. Kf4 Rc4+ 50. Kf3 Rc3+ 51. Kf4 Rc4+ 52. Kg3 Rc3+ 53. Kf4 Rc4+ 1/2-1/2

[Event "Titled Tuesday intern op 29th Aug Late"]
[Site "Chess.com INT"]
[Date "2023.08.29"]
[Round "1"]
[White "Roebers, Eline"]
[Black "Fajdetic, Hrvoje"]
[Result "1-0"]
[WhiteElo "2407"]
[BlackElo "2151"]
[PlyCount "109"]
[EventDate "2023.08.29"]
[EventType "swiss (blitz)"]
[EventRounds "11"]
[EventCountry "USA"]
[SourceTitle "EXT 2024"]
[Source "ChessBase"]
[SourceDate "2023.10.10"]
[SourceVersion "1"]
[SourceVersionDate "2023.10.10"]
[SourceQuality "1"]

1. f4 d5 2. Nf3 g6 3. g3 Bg7 4. Bg2 Bg4 5. 0-0 Nh6 6. d3 d4 7. c3 c5 8. Qe1 Nc6 9. Na3 0-0 10. Bd2 e5 11. fxe5 Bxf3 12. Bxf3 Nxe5 13. Bg2 Nf5 14. Nc2 Qc7 15. Rc1 Rae8 16. Qd1 Ng4 17. cxd4 Nxd4 18. Re1 Qe5 19. e4 Qh5 20. h3 Nf6 21. Nxd4 cxd4 22. Bb4 Qxd1 23. Rexd1 Nh5 24. Bxf8 Bxf8 25. g4 Nf4 26. Bf1 Bd6 27. Rc4 Be5 28. Rdc1 a6 29. Rc8 Kf8 30. Rxe8+ Kxe8 31. Rc8+ Ke7 32. Kf2 h5 33. gxh5 Nxh5 34. Ra8 Nf6 35. Ra7 Nd7 36. Rxb7 Kd6 37. Ra7 Nc5 38. Rxf7 g5 39. Rf5 Bf4 40. h4 Be3+ 41. Kg3 gxh4+ 42. Kxh4 Na4 43. b3 Nc3 44. Ra5 Nd1 45. Rxa6+ Kc5 46. Kg4 Nf2+ 47. Kf5 Kb5 48. Ra8 Nh1 49. Bh3 Ng3+ 50. Ke6 Ne2 51. Bf5 Nc1 52. e5 Kb6 53. Kd5 Kc7 54. e6 Kb7 55. e7 1-0

[Event "Titled Tuesday intern op 22nd Aug Late"]
[Site "Chess.com INT"]
[Date "2023.08.22"]
[Round "1"]
[White "Fajdetic, Hrvoje"]
[Black "Kochiev, Ivan"]
[Result "0-1"]
[WhiteElo "2151"]
[BlackElo "2053"]
[PlyCount "44"]
[EventDate "2023.08.22"]
[EventType "swiss (blitz)"]
[EventRounds "11"]
[EventCountry "USA"]
[SourceTitle "EXT 2024"]
[Source "ChessBase"]
[SourceDate "2023.10.10"]
[SourceVersion "1"]
[SourceVersionDate "2023.10.10"]
[SourceQuality "1"]

1. d4 Nf6 2. Bf4 e6 3. e3 c5 4. Nd2 d5 5. Ngf3 Bd6 6. Bg3 Qc7 7. Ne5 Nc6 8. Bb5 0-0 9. Bxc6 bxc6 10. f4 cxd4 11. exd4 c5 12. 0-0 cxd4 13. Nb3 Ne4 14. Qxd4 Rb8 15. Rac1 Ba6 16. Rfe1 Nxg3 17. hxg3 Rfc8 18. Kh2 Rb4 19. Qf2 Re4 20. Nd3 Ra4 21. f5 Bxg3+ 22. Qxg3 Rh4+ 0-1

[Event "Titled Tuesday intern op 22nd Aug Early"]
[Site "Chess.com INT"]
[Date "2023.08.22"]
[Round "4"]
[White "Fajdetic, Hrvoje"]
[Black "Rizzo, Tobias"]
[Result "0-1"]
[WhiteElo "2151"]
[BlackElo "1925"]
[PlyCount "140"]
[EventDate "2023.08.22"]
[EventType "swiss (blitz)"]
[EventRounds "11"]
[EventCountry "USA"]
[SourceTitle "EXT 2024"]
[Source "ChessBase"]
[SourceDate "2023.10.10"]
[SourceVersion "1"]
[SourceVersionDate "2023.10.10"]
[SourceQuality "1"]

1. d4 e5 2. dxe5 Nc6 3. Nf3 Qe7 4. Bg5 Qb4+ 5. Nc3 Qxb2 6. Bd2 Bb4 7. Rb1 Qxc3 8. Bxc3 Bxc3+ 9. Nd2 Nxe5 10. e3 Nf6 11. Rb3 Ba5 12. Rb5 Nc6 13. Bd3 0-0 14. 0-0 a6 15. Rg5 h6 16. Rg3 d5 17. Nb3 Bc3 18. Qe2 Re8 19. Rd1 Be5 20. f4 Bxf4 21. exf4 Rxe2 22. Bxe2 Bf5 23. c4 dxc4 24. Bxc4 Re8 25. Nc5 b5 26. Bf1 Nh5 27. Rc3 Nb8 28. Nb3 c6 29. Nd4 Bd7 30. g3 Nf6 31. Nf3 Nd5 32. Rc5 Bg4 33. Bg2 Re2 34. h3 Be6 35. Nd4 Rxg2+ 36. Kxg2 Ne3+ 37. Kf3 Nxd1 38. Nxe6 fxe6 39. Rc2 c5 40. Ke2 c4 41. Kxd1 Nc6 42. Rd2 Kf7 43. Rd7+ Kf6 44. Rc7 Nb4 45. Ra7 Nxa2 46. Rxa6 Nc3+ 47. Kc2 Ne4 48. g4 b4 49. f5 b3+ 50. Kb2 c3+ 51. Kxb3 Nc5+ 52. Kxc3 Nxa6 53. fxe6 Kxe6 54. Kd4 Nc7 55. Ke4 Kf6 56. Kf4 g5+ 57. Ke4 Ne6 58. Kf3 Nf4 59. h4 Ke5 60. hxg5 hxg5 61. Ke3 Nd5+ 62. Kf3 Kd4 63. Kg3 Ke3 64. Kh3 Kf3 65. Kh2 Kxg4 66. Kg2 Kf4 67. Kh3 Kf3 68. Kh2 g4 69. Kg1 Kg3 70. Kf1 Kh2 0-1

[Event "Titled Tuesday intern op 15th Aug Early"]
[Site "Chess.com INT"]
[Date "2023.08.15"]
[Round "5"]
[White "Fajdetic, Hrvoje"]
[Black "Devaev, Alexander"]
[Result "0-1"]
[WhiteElo "2151"]
[BlackElo "2325"]
[PlyCount "70"]
[EventDate "2023.08.15"]
[EventType "swiss (blitz)"]
[EventRounds "11"]
[EventCountry "USA"]
[SourceTitle "EXT 2024"]
[Source "ChessBase"]
[SourceDate "2023.10.10"]
[SourceVersion "1"]
[SourceVersionDate "2023.10.10"]
[SourceQuality "1"]

1. f4 d5 2. b3 Nf6 3. Bb2 Bg4 4. h3 Bf5 5. d3 h5 6. Nf3 e6 7. e3 h4 8. Nbd2 Nh5 9. e4 Bg6 10. f5 exf5 11. exd5 Ng3 12. Rg1 Qxd5 13. c4 Qe6+ 14. Kf2 Nd7 15. Qe1 0-0-0 16. Qxe6 fxe6 17. Nxh4 Rxh4 18. Kxg3 Rh7 19. Nf3 Bd6+ 20. Kf2 e5 21. Rh1 Rhh8 22. Be2 Rhe8 23. Nd2 Bc5+ 24. Ke1 Nf6 25. g4 f4 26. g5 Nh5 27. Ne4 Bxe4 28. dxe4 Ng3 29. Rh2 Nxe4 30. Bg4+ Kb8 31. Re2 Bb4+ 32. Kf1 Ng3+ 33. Kg2 Nxe2 34. Bxe2 Rd2 35. Kf3 Rxb2 0-1